ALPHABET SPEED - Statistics

General Stats
  • This quiz has been taken 45 times
  • The average score is 17 of 26
Answer Stats
Answer % Correct
A
83%
S
83%
T
79%
U
79%
X
79%
G
75%
L
75%
Q
75%
C
71%
F
67%
H
67%
Y
67%
Z
67%
B
63%
D
63%
I
63%
P
63%
W
63%
E
58%
K
58%
M
58%
N
58%
V
58%
O
54%
R
54%
J
46%
No matching quizzes found
Score Distribution
Percent of People with Each Score
Percentile by Number Answered
Your Score History
You have not taken this quiz